Loading...
| AG | 0 | 6 | 2 | 3 | 50 | 77 | 115.00 | 0 | 0 | 0.00 | 0.00 |
| BB | 0 | 5 | 2 | 2 | 40 | 103 | 116.40 | 1 | 4 | 0.00 | 0.00 |
| MB | 1 | 3 | 3 | 2 | 30 | 63 | 114.25 | 0 | 1 | 0.00 | 0.00 |
| RC | 0 | 3 | 1 | 0 | 25 | 123 | 137.33 | 0 | 2 | 0.00 | 0.00 |
| AW | 0 | 2 | 0 | 0 | 20 | 120 | 123.00 | 0 | 1 | 0.00 | 0.00 |
| AK | 0 | 1 | 0 | 0 | 10 | 87 | 87.00 | 0 | 0 | 0.00 | 0.00 |
| MV | 0 | 1 | 0 | 0 | 10 | 133 | 133.00 | 0 | 0 | 0.00 | 0.00 |
| KD | 0 | 1 | 0 | 0 | 10 | 138 | 138.00 | 0 | 0 | 0.00 | 0.00 |
| AR | 0 | 1 | 1 | 0 | 5 | 99 | 99.00 | 0 | 0 | 0.00 | 0.00 |
| TR | 0 | 1 | 1 | 1 | 5 | 127 | 127.00 | 0 | 0 | 0.00 | 0.00 |
| 0 | 0 | 1 | 0 | -5 | 0.00 | 0 | 0 | 0.00 | 0.00 | ||
| RR | 0 | 0 | 2 | 0 | -10 | 0.00 | 0 | 0 | 0.00 | 0.00 |